| 000 | 00475nam a2200169Ia 4500 | ||
|---|---|---|---|
| 008 | 230711s9999||||xx |||||||||||||| ||und|| | ||
| 020 | _a978-93-392-2147-8 | ||
| 041 | _aENG | ||
| 082 |
_a4.6782 _bJA-G |
||
| 100 | _aJanakiram, Dharanipragada | ||
| 245 | 0 | _aGrid and cloud computing : A research monograph | |
| 250 | _a1st Ed. | ||
| 260 |
_c2016 _aNew Delhi _bMcGraw Hill Education(India) Private Limited |
||
| 300 | _a488p. | ||
| 650 | _aComputer Engineering | ||
| 942 | _cBK | ||
| 999 |
_c6400 _d6400 |
||